Suurimmat valtiot väkiluvun tai pinta-alan mukaan - Statistics

Yleistilastot
  • Tätä visaa on pelattu 744 kertaa
  • Keskiarvotulos 25 / 31
Vastaustilastot
Valtio % Oikein
Venäjä
100%
Intia
99%
Kanada
99%
Kiina
99%
Yhdysvallat
99%
Brasilia
97%
Australia
93%
Meksiko
91%
Japani
90%
Argentiina
89%
Indonesia
89%
Kazakstan
85%
Nigeria
85%
Saksa
85%
Kongon dem. tasavalta
84%
Egypti
82%
Mongolia
82%
Pakistan
81%
Algeria
80%
Saudi-Arabia
79%
Iran
78%
Turkki
75%
Thaimaa
74%
Bangladesh
73%
Vietnam
69%
Etiopia
68%
Filippiinit
68%
Sudan
67%
Libya
66%
Peru
61%
Tšad
57%
Ehtoja vastaavia visoja ei löytynyt
Tulosjakauma
Jokaisen tuloksen saaneiden osuus
Persentiili vastausten määrän mukaan
Tuloshistoriasi
Et ole pelannut tätä visaa